Fundamentals of Anatomy and Psysiology / (Record no. 353249)
[ view plain ]
| 000 -LEADER | |
|---|---|
| fixed length control field | 00348nam a2200121Ia 4500 |
| 008 - FIXED-LENGTH DATA ELEMENTS--GENERAL INFORMATION | |
| fixed length control field | 180116s9999 xx 000 0 und d |
| 020 ## - INTERNATIONAL STANDARD BOOK NUMBER | |
| International Standard Book Number | 9781285174150 |
| 100 ## - MAIN ENTRY--PERSONAL NAME | |
| Personal name | Rizzo, Donald C. |
| 245 ## - TITLE STATEMENT | |
| Statement of responsibility, etc | Donald C. Rizzo |
| Title | Fundamentals of Anatomy and Psysiology / |
| 250 ## - EDITION STATEMENT | |
| Edition statement | 4th ed |
| 260 ## - PUBLICATION, DISTRIBUTION, ETC. (IMPRINT) | |
| Place of publication, distribution, etc | Boston, USA |
| Name of publisher, distributor, etc | Cengage Learning |
| Date of publication, distribution, etc | 2016 |
| 300 ## - PHYSICAL DESCRIPTION | |
| Extent | 532 pages |
| Withdrawn status | Lost status | Damaged status | Home library | Current library | Shelving location | Date acquired | Source of acquisition | Total Checkouts | Total Renewals | Full call number | Barcode | Date last seen | Date checked out | Price effective from | Koha item type |
|---|---|---|---|---|---|---|---|---|---|---|---|---|---|---|---|
| South SEED-LPDH College Library | South SEED-LPDH College Library | South SEED-LPDH College Section | 01/16/2018 | Library Fund | 1 | 9 | QP 34.5 .R627 2016 | SSLC1632 | 05/15/2019 | 01/18/2019 | 01/16/2018 | Books |